000
00295nam a2200109Ia 4500
008
200302s9999 xx 000 0 und d
100
_a
The Course Team
245
_a
The Public Client and the Construction Industries
260
_b
Her Majesty s Stationery Office
260
_c
1975
300
_a
126 P.,
999
_c
499
_d
499